[Event "World Chess Olympiad 2018"]
[Site "Batumi"]
[Date "2018.09.26"]
[Round "3"]
[Board "1"]
[WhiteFideId "32500122"]
[White "Deng Khor Kuol Michael"]
[BlackFideId "6001238"]
[Black "Lam Daniel King Wai"]
[Result "1-0"]
[LiveChessVersion "1.4.8"]
[BlackElo "2145"]
[WhiteElo "2000"]

1. Nf3 {[%clk 1:28:43]} d5 {[%clk 1:30:05]} 2. d4 {[%clk 1:28:39]} Nf6
{[%clk 1:30:25]} 3. g3 {[%clk 1:25:20]} c6 {[%clk 1:27:13]} 4. Bg2
{[%clk 1:25:38]} Bf5 {[%clk 1:27:32]} 5. O-O h6 {[%clk 1:26:34]} 6. c4
{[%clk 1:24:20]} e6 {[%clk 1:26:35]} 7. Nc3 {[%clk 1:23:19]} Nbd7
{[%clk 1:24:48]} 8. b3 {[%clk 1:17:49]} Bd6 {[%clk 1:23:18]} 9. Nd2
{[%clk 1:14:53]} Bb4 {[%clk 1:15:22]} 10. Bb2 {[%clk 1:15:07]} O-O
{[%clk 1:15:28]} 11. a3 {[%clk 1:14:41]} Bxc3 {[%clk 1:15:40]} 12. Bxc3
{[%clk 1:14:32]} b5 {[%clk 1:16:00]} 13. f3 {[%clk 1:12:04]} Re8 {[%clk 0:56:43]}
14. e4 {[%clk 1:11:21]} dxe4 {[%clk 0:56:53]} 15. Nxe4 {[%clk 1:09:29]} Bxe4
{[%clk 0:49:10]} 16. fxe4 {[%clk 1:09:48]} e5 {[%clk 0:48:45]} 17. d5
{[%clk 1:04:05]} cxd5 {[%clk 0:42:46]} 18. cxd5 {[%clk 1:02:10]} Nc5
{[%clk 0:41:06]} 19. Re1 {[%clk 1:01:51]} Qb6 {[%clk 0:40:12]} 20. Kh1
{[%clk 1:01:35]} Rac8 {[%clk 0:37:07]} 21. Rc1 {[%clk 1:01:28]} Ng4
{[%clk 0:27:05]} 22. Re2 {[%clk 0:55:30]} Qg6 {[%clk 0:23:11]} 23. Be1
{[%clk 0:53:49]} Nb7 {[%clk 0:17:24]} 24. h3 {[%clk 0:51:46]} Nf6
{[%clk 0:17:27]} 25. Rc6 {[%clk 0:40:40]} Red8 {[%clk 0:14:34]} 26. Qc2
{[%clk 0:40:35]} Rb8 {[%clk 0:09:04]} 27. Qc3 {[%clk 0:38:02]} Qh5
{[%clk 0:08:19]} 28. g4 {[%clk 0:36:01]} Qg5 {[%clk 0:07:17]} 29. Bd2
{[%clk 0:29:59]} Qh4 {[%clk 0:07:00]} 30. Qxe5 {[%clk 0:28:50]} Re8
{[%clk 0:05:59]} 31. Qf5 {[%clk 0:27:34]} Nxd5 {[%clk 0:04:52]} 32. Rf2
{[%clk 0:20:20]} Nf6 {[%clk 0:01:24]} 33. e5 {[%clk 0:14:09]} Nd8
{[%clk 0:01:39]} 34. Ra6 {[%clk 0:03:52]} Nh7 {[%clk 0:00:42]} 35. Kg1
{[%clk 0:02:43]} Qe7 {[%clk 0:00:40]} 36. Bb4 {[%clk 0:02:18]} Qg5
{[%clk 0:00:56]} 37. Qxg5 {[%clk 0:02:19]} Nxg5 {[%clk 0:01:14]} 38. Bd6
{[%clk 0:02:20]} Rc8 {[%clk 0:01:23]} 39. h4 {[%clk 0:02:25]} Nge6
{[%clk 0:01:23]} 40. Rxa7 {[%clk 0:32:40]} Rc3 {[%clk 0:31:07]} 41. b4
{[%clk 0:30:43]} Rg3 {[%clk 0:30:08]} 42. Ra8 {[%clk 0:26:16]} Rxg4
{[%clk 0:29:45]} 43. Rb8 {[%clk 0:25:38]} Nd4 {[%clk 0:23:59]} 44. Kf1
{[%clk 0:23:01]} Rxh4 {[%clk 0:17:34]} 45. Bd5 {[%clk 0:20:08]} N4e6
{[%clk 0:15:28]} 46. Bxe6 {[%clk 0:17:20]} fxe6 {[%clk 0:15:29]} 47. Rxb5
{[%clk 0:16:11]} Nf7 {[%clk 0:14:53]} 48. Bc7 {[%clk 0:15:07]} Ra8
{[%clk 0:11:20]} 49. Rb8+ {[%clk 0:13:29]} Rxb8 {[%clk 0:11:29]} 50. Bxb8
{[%clk 0:13:57]} Rh1+ {[%clk 0:10:00]} 51. Kg2 {[%clk 0:13:01]} Re1
{[%clk 0:10:28]} 52. b5 {[%clk 0:12:25]} Nxe5 {[%clk 0:09:08]} 53. Bxe5
{[%clk 0:12:05]} Rxe5 {[%clk 0:09:31]} 54. Rb2 {[%clk 0:12:28]} 1-0

[Event "World Chess Olympiad 2018"]
[Site "Batumi"]
[Date "2018.09.26"]
[Round "3"]
[Board "2"]
[WhiteFideId "6001890"]
[White "Pang Yui Kuen"]
[BlackFideId "32500149"]
[Black "Deng Ateny Riak Joseph"]
[Result "1-0"]
[LiveChessVersion "1.4.8"]
[BlackElo "2014"]
[WhiteElo "1981"]

1. e3 {[%clk 1:29:35]} d5 {[%clk 1:30:24]} 2. b3 {[%clk 1:29:58]} Nc6
{[%clk 1:28:54]} 3. d4 {[%clk 1:28:47]} Nf6 {[%clk 1:28:50]} 4. Nf3
{[%clk 1:28:52]} Bg4 {[%clk 1:27:11]} 5. Be2 {[%clk 1:29:07]} e6 {[%clk 1:26:45]}
6. O-O {[%clk 1:28:43]} Be7 {[%clk 1:26:50]} 7. c4 {[%clk 1:28:43]} O-O
{[%clk 1:26:43]} 8. Bb2 {[%clk 1:28:47]} Ne4 {[%clk 1:22:51]} 9. Nc3
{[%clk 1:27:56]} f5 {[%clk 1:19:43]} 10. cxd5 {[%clk 1:27:21]} Nxc3
{[%clk 1:19:56]} 11. Bxc3 {[%clk 1:27:45]} exd5 {[%clk 1:20:12]} 12. h3
{[%clk 1:23:04]} Bh5 {[%clk 1:19:49]} 13. Ne5 {[%clk 1:22:44]} Bxe2
{[%clk 1:16:42]} 14. Qxe2 {[%clk 1:22:44]} Nxe5 {[%clk 1:16:41]} 15. dxe5
{[%clk 1:23:12]} f4 {[%clk 1:16:38]} 16. Qg4 {[%clk 1:15:50]} Qc8
{[%clk 1:12:01]} 17. Qf3 {[%clk 1:10:50]} c6 {[%clk 1:11:00]} 18. e4
{[%clk 1:07:16]} dxe4 {[%clk 1:11:04]} 19. Qxe4 {[%clk 1:07:44]} f3
{[%clk 1:11:05]} 20. Rad1 {[%clk 1:06:36]} fxg2 {[%clk 1:09:57]} 21. Kxg2
{[%clk 1:07:04]} Qe6 {[%clk 1:07:01]} 22. Qg4 {[%clk 0:52:20]} Rf5
{[%clk 1:04:09]} 23. f4 {[%clk 0:50:09]} Raf8 {[%clk 1:03:34]} 24. Rd3
{[%clk 0:40:35]} g6 {[%clk 1:02:33]} 25. Bd2 {[%clk 0:38:55]} c5 {[%clk 0:59:54]}
26. Rc1 {[%clk 0:27:16]} Qa6 {[%clk 0:58:04]} 27. Qf3 {[%clk 0:25:46]} Qxa2
{[%clk 0:43:08]} 28. Qd5+ {[%clk 0:18:49]} R8f7 {[%clk 0:38:06]} 29. Kh1
{[%clk 0:18:55]} Qa6 {[%clk 0:37:22]} 30. b4 {[%clk 0:17:28]} cxb4
{[%clk 0:33:45]} 31. Rc7 {[%clk 0:17:31]} Kg7 {[%clk 0:33:43]} 32. Rxb7
{[%clk 0:12:34]} Qa1+ {[%clk 0:33:00]} 33. Kg2 {[%clk 0:07:44]} Qd1
{[%clk 0:26:39]} 34. Qe4 {[%clk 0:06:02]} Bc5 {[%clk 0:23:58]} 35. Rxf7+
{[%clk 0:05:59]} Rxf7 {[%clk 0:24:11]} 36. Be1 {[%clk 0:02:22]} Qc2+
{[%clk 0:19:54]} 37. Kh1 {[%clk 0:02:51]} Qc1 {[%clk 0:14:57]} 38. Rf3
{[%clk 0:01:53]} Rd7 {[%clk 0:11:58]} 39. f5 {[%clk 0:01:35]} Rd1
{[%clk 0:09:50]} 40. f6+ {[%clk 0:31:48]} Kg8 {[%clk 0:39:55]} 41. Rf1
{[%clk 0:26:16]} Rd4 {[%clk 0:18:46]} 42. f7+ {[%clk 0:24:03]} Kf8 43. Qa8+
{[%clk 0:19:56]} Kg7 {[%clk 0:19:08]} 1-0

[Event "World Chess Olympiad 2018"]
[Site "Batumi"]
[Date "2018.09.26"]
[Round "3"]
[Board "1"]
[WhiteFideId "9700110"]
[White "Goorsahye Antoine"]
[BlackFideId "9400249"]
[Black "Al-Zendani Zendan"]
[Result "0-1"]
[LiveChessVersion "1.4.8"]
[BlackElo "2301"]
[WhiteElo "1793"]

1. d4 {[%clk 1:30:48]} Nf6 {[%clk 1:30:43]} 2. c4 {[%clk 1:31:08]} c5
{[%clk 1:30:04]} 3. d5 {[%clk 1:30:05]} b5 {[%clk 1:30:20]} 4. Nc3
{[%clk 1:27:21]} b4 {[%clk 1:26:59]} 5. Nb1 {[%clk 1:24:28]} g6 {[%clk 1:24:02]}
6. Qc2 {[%clk 1:21:56]} Bg7 {[%clk 1:22:33]} 7. e4 {[%clk 1:22:00]} O-O
{[%clk 1:20:05]} 8. Bd3 {[%clk 1:20:52]} d6 {[%clk 1:14:39]} 9. f4
{[%clk 1:17:02]} e6 {[%clk 1:07:29]} 10. Nf3 {[%clk 1:13:47]} exd5
{[%clk 1:06:55]} 11. cxd5 {[%clk 1:13:58]} c4 {[%clk 1:06:44]} 12. Bxc4
{[%clk 1:11:14]} Nxe4 {[%clk 1:00:51]} 13. Qxe4 {[%clk 1:09:21]} Re8
{[%clk 1:00:45]} 14. Ne5 {[%clk 1:09:31]} Bxe5 {[%clk 0:57:29]} 15. fxe5
{[%clk 1:06:33]} Rxe5 {[%clk 0:57:24]} 16. Qxe5 {[%clk 1:06:57]} dxe5
{[%clk 0:57:49]} 17. O-O {[%clk 1:06:51]} Ba6 {[%clk 0:57:47]} 18. b3
{[%clk 1:06:53]} Qb6+ {[%clk 0:58:01]} 19. Kh1 {[%clk 1:07:10]} Qd4
{[%clk 0:58:11]} 20. Bh6 {[%clk 1:05:13]} Qxa1 {[%clk 0:58:02]} 21. Nd2
{[%clk 1:05:22]} Qd4 {[%clk 0:56:50]} 22. d6 {[%clk 1:04:27]} Bxc4
{[%clk 0:56:43]} 23. Nxc4 {[%clk 1:04:47]} Nd7 {[%clk 0:56:54]} 24. h3
{[%clk 1:04:27]} Re8 {[%clk 0:57:11]} 0-1

[Event "World Chess Olympiad 2018"]
[Site "Batumi"]
[Date "2018.09.26"]
[Round "3"]
[Board "2"]
[WhiteFideId "9400176"]
[White "Al Badani Abdu"]
[BlackFideId "9700250"]
[Black "Raimbert Ronald"]
[Result "1-0"]
[LiveChessVersion "1.4.8"]
[BlackElo "1747"]
[WhiteElo "2195"]

1. e4 {[%clk 1:30:57]} e5 {[%clk 1:30:54]} 2. Nf3 {[%clk 1:31:18]} Nc6
{[%clk 1:31:22]} 3. Bc4 {[%clk 1:31:27]} Bc5 {[%clk 1:31:50]} 4. O-O
{[%clk 1:31:48]} Nf6 {[%clk 1:32:12]} 5. d3 {[%clk 1:31:39]} a6 {[%clk 1:32:24]}
6. Nc3 {[%clk 1:31:39]} h6 {[%clk 1:32:48]} 7. Be3 {[%clk 1:32:02]} Bxe3
{[%clk 1:32:02]} 8. fxe3 {[%clk 1:32:30]} d6 {[%clk 1:32:06]} 9. Nh4
{[%clk 1:31:32]} Qe7 {[%clk 1:15:01]} 10. Qf3 {[%clk 1:30:52]} Na5
{[%clk 1:00:03]} 11. Bd5 {[%clk 1:19:26]} c6 {[%clk 0:58:35]} 12. b4
{[%clk 1:05:26]} cxd5 {[%clk 0:58:37]} 13. bxa5 {[%clk 1:05:28]} dxe4
{[%clk 0:48:36]} 14. dxe4 {[%clk 1:05:50]} O-O {[%clk 0:47:51]} 15. Rad1
{[%clk 1:04:54]} Bg4 {[%clk 0:36:45]} 16. Nf5 {[%clk 1:04:21]} Bxf5
{[%clk 0:36:36]} 17. exf5 {[%clk 1:04:05]} Rac8 {[%clk 0:35:05]} 18. Ne4
{[%clk 1:04:00]} Rc6 {[%clk 0:25:48]} 19. Nxf6+ {[%clk 1:03:52]} Qxf6
{[%clk 0:26:12]} 20. Rb1 {[%clk 1:04:01]} Qe7 {[%clk 0:20:45]} 21. Rb2
{[%clk 0:48:29]} Rfc8 {[%clk 0:19:54]} 22. Rf2 {[%clk 0:46:44]} e4
{[%clk 0:15:19]} 23. Qd1 {[%clk 0:40:50]} R8c7 {[%clk 0:12:29]} 24. Rb4
{[%clk 0:36:02]} Rc5 {[%clk 0:09:30]} 25. Ra4 {[%clk 0:30:51]} Qe5
{[%clk 0:09:23]} 26. f6 {[%clk 0:30:53]} g6 {[%clk 0:09:25]} 27. Rd4
{[%clk 0:26:54]} R7c6 {[%clk 0:09:28]} 28. Rb4 {[%clk 0:24:06]} Rxa5
{[%clk 0:08:53]} 29. Rxb7 {[%clk 0:23:57]} Rxa2 {[%clk 0:09:11]} 30. Rb8+
{[%clk 0:22:01]} Kh7 {[%clk 0:09:38]} 31. h3 {[%clk 0:21:43]} d5 {[%clk 0:08:41]}
32. Rb1 {[%clk 0:20:16]} Rxf6 {[%clk 0:08:25]} 33. Rxf6 {[%clk 0:20:28]} Qxf6
{[%clk 0:08:54]} 34. Qxd5 {[%clk 0:20:41]} Rxc2 {[%clk 0:07:54]} 35. Rf1
{[%clk 0:20:12]} Rc6 {[%clk 0:02:14]} 36. Rxf6 {[%clk 0:19:55]} Rxf6
{[%clk 0:02:43]} 37. Qxe4 {[%clk 0:20:05]} Re6 {[%clk 0:02:47]} 38. Qd4
{[%clk 0:20:14]} Kg8 {[%clk 0:02:52]} 39. Kf2 {[%clk 0:20:33]} Kh7
{[%clk 0:03:19]} 40. Kf3 {[%clk 0:50:53]} Kg8 {[%clk 0:33:37]} 41. g4
{[%clk 0:51:06]} Kh7 {[%clk 0:33:52]} 42. e4 {[%clk 0:50:50]} Kg8
{[%clk 0:34:17]} 43. h4 {[%clk 0:50:44]} Kh7 {[%clk 0:34:41]} 44. Kf4
{[%clk 0:50:15]} Kg8 {[%clk 0:35:04]} 45. e5 {[%clk 0:49:17]} Kg7
{[%clk 0:35:24]} 46. Qd7 {[%clk 0:49:04]} Kf8 {[%clk 0:35:29]} 47. Ke4
{[%clk 0:49:12]} Kg7 {[%clk 0:35:52]} 48. Kd5 {[%clk 0:48:09]} Kf8
{[%clk 0:35:59]} 49. Qc7 {[%clk 0:47:59]} Kg8 {[%clk 0:36:15]} 50. Kc5
{[%clk 0:47:55]} Kf8 {[%clk 0:36:18]} 51. Kb4 {[%clk 0:47:37]} Kg8
{[%clk 0:36:34]} 52. Ka5 {[%clk 0:47:47]} Kg7 {[%clk 0:36:40]} 53. Qc3
{[%clk 0:47:10]} Kh7 {[%clk 0:36:43]} 54. Qe3 {[%clk 0:47:33]} Kg7
{[%clk 0:37:04]} 55. Qf4 {[%clk 0:47:30]} Rc6 {[%clk 0:37:11]} 56. Kb4
{[%clk 0:47:28]} Re6 {[%clk 0:36:55]} 57. Kc5 {[%clk 0:47:46]} Kg8
{[%clk 0:36:52]} 58. Qxh6 {[%clk 0:45:42]} Rxe5+ {[%clk 0:37:10]} 59. Kd6
{[%clk 0:45:36]} Re6+ 60. Kd7 {[%clk 0:44:52]} Re4 {[%clk 0:30:13]} 61. Qg5
{[%clk 0:44:12]} Re6 {[%clk 0:30:00]} 62. h5 {[%clk 0:42:40]} Kg7
{[%clk 0:20:45]} 63. h6+ {[%clk 0:40:39]} Kh7 {[%clk 0:19:04]} 64. Qf4
{[%clk 0:40:40]} Re1 {[%clk 0:14:10]} 65. g5 {[%clk 0:39:23]} 1-0

[Event "World Chess Olympiad 2018"]
[Site "Batumi"]
[Date "2018.09.26"]
[Round "3"]
[Board "3"]
[WhiteFideId "9700099"]
[White "Marie Patrick"]
[BlackFideId "9400338"]
[Black "Al-Aqrabi Saleh"]
[Result "0-1"]
[LiveChessVersion "1.4.8"]
[BlackElo "2158"]
[WhiteElo "1955"]

1. e4 {[%clk 1:30:56]} e6 {[%clk 1:30:58]} 2. d4 {[%clk 1:31:17]} d5
{[%clk 1:31:26]} 3. exd5 {[%clk 1:31:27]} exd5 {[%clk 1:31:54]} 4. c4
{[%clk 1:31:42]} Nf6 {[%clk 1:31:48]} 5. Nc3 {[%clk 1:32:06]} Be7
{[%clk 1:31:47]} 6. Nf3 {[%clk 1:32:27]} O-O {[%clk 1:31:35]} 7. Bd3
{[%clk 1:32:51]} c6 {[%clk 1:31:36]} 8. O-O {[%clk 1:33:03]} Bg4 {[%clk 1:31:42]}
9. h3 {[%clk 1:33:20]} Bxf3 {[%clk 1:31:12]} 10. Qxf3 {[%clk 1:31:24]} dxc4
{[%clk 1:31:40]} 11. Bc2 {[%clk 1:31:25]} Qxd4 {[%clk 1:31:55]} 12. Rd1
{[%clk 1:31:49]} Qb6 {[%clk 1:28:37]} 13. Bg5 {[%clk 1:29:34]} Qxb2
{[%clk 1:07:20]} 14. Bxf6 {[%clk 1:29:50]} Bxf6 {[%clk 1:07:39]} 15. Qf5
{[%clk 1:26:25]} g6 {[%clk 1:06:02]} 16. Qxf6 {[%clk 1:26:47]} Qxc2
{[%clk 1:06:03]} 17. Rac1 {[%clk 1:25:51]} Qf5 {[%clk 1:06:30]} 18. Qe7
{[%clk 1:23:54]} Na6 {[%clk 1:03:12]} 19. Qxb7 {[%clk 1:16:16]} Nc5
{[%clk 1:02:32]} 20. Qxc6 {[%clk 1:12:52]} Nd3 {[%clk 1:00:37]} 21. Rc2
{[%clk 1:13:22]} Nb4 {[%clk 1:01:03]} 22. Qd6 {[%clk 1:06:50]} Nxc2
{[%clk 1:00:16]} 23. Nd5 {[%clk 1:05:49]} Kg7 {[%clk 1:00:42]} 24. Rd2
{[%clk 1:01:37]} Rfd8 {[%clk 0:58:36]} 25. Qc6 {[%clk 0:52:23]} Rac8
{[%clk 0:57:43]} 26. Qb7 {[%clk 0:51:51]} Rb8 {[%clk 0:57:44]} 0-1

[Event "World Chess Olympiad 2018"]
[Site "Batumi"]
[Date "2018.09.26"]
[Round "3"]
[Board "4"]
[WhiteFideId "9400133"]
[White "Al-Subaihi Khalil"]
[BlackFideId "9700170"]
[Black "Jotee Ashvin"]
[Result "1-0"]
[LiveChessVersion "1.4.8"]
[BlackElo "1751"]
[WhiteElo "2106"]

1. e4 {[%clk 1:30:56]} e6 {[%clk 1:30:44]} 2. d4 {[%clk 1:31:01]} d5
{[%clk 1:30:49]} 3. c4 {[%clk 1:30:53]} dxe4 {[%clk 1:23:00]} 4. f3
{[%clk 1:31:15]} e3 {[%clk 1:14:49]} 5. Bxe3 {[%clk 1:31:03]} Nf6
{[%clk 1:10:16]} 6. Nc3 {[%clk 1:31:17]} Be7 {[%clk 1:06:57]} 7. Qd2
{[%clk 1:31:31]} Nbd7 {[%clk 1:03:30]} 8. O-O-O {[%clk 1:29:55]} O-O
{[%clk 1:02:35]} 9. g4 {[%clk 1:25:40]} c5 {[%clk 1:01:21]} 10. d5
{[%clk 1:25:09]} exd5 {[%clk 0:59:46]} 11. cxd5 {[%clk 1:25:37]} Ne8
{[%clk 0:55:08]} 12. Bf4 {[%clk 1:22:06]} Nd6 {[%clk 0:53:23]} 13. h4
{[%clk 1:18:54]} a6 {[%clk 0:35:59]} 14. Bd3 {[%clk 1:16:15]} b5 {[%clk 0:35:20]}
15. g5 {[%clk 1:15:25]} f5 16. gxf6 {[%clk 1:04:12]} Nxf6 {[%clk 0:24:02]} 17.
Ne4 {[%clk 1:03:58]} c4 {[%clk 0:21:38]} 18. Bb1 {[%clk 1:01:42]} b4
{[%clk 0:12:45]} 19. Ne2 {[%clk 0:46:16]} Rb8 {[%clk 0:09:15]} 20. Rhg1
{[%clk 0:41:15]} c3 {[%clk 0:06:59]} 21. bxc3 {[%clk 0:39:18]} bxc3
{[%clk 0:07:24]} 22. Qxc3 {[%clk 0:12:28]} Bf5 {[%clk 0:06:12]} 23. Nd4
{[%clk 0:09:50]} Ndxe4 {[%clk 0:02:06]} 24. Bxe4 {[%clk 0:09:18]} Bxe4
{[%clk 0:00:51]} 25. Bxb8 {[%clk 0:05:06]} Qxb8 {[%clk 0:01:00]} 26. fxe4
{[%clk 0:05:17]} Qf4+ {[%clk 0:00:54]} 27. Kb1 {[%clk 0:00:48]} Rb8+
{[%clk 0:01:13]} 28. Nb3 {[%clk 0:01:12]} Nxe4 {[%clk 0:01:18]} 29. Qxg7#
{[%clk 0:01:34]} 1-0

[Event "World Chess Olympiad 2018"]
[Site "Batumi"]
[Date "2018.09.26"]
[Round "3"]
[Board "1"]
[WhiteFideId "22000046"]
[White "Al Mashikhi Salim Aliyan"]
[BlackFideId "22400079"]
[Black "Dabuae David"]
[Result "1-0"]
[LiveChessVersion "1.4.8"]
[BlackElo "1723"]
[WhiteElo "2095"]

1. c4 {[%clk 1:30:55]} Nf6 {[%clk 1:30:52]} 2. Nf3 {[%clk 1:31:12]} g6
{[%clk 1:31:05]} 3. g3 {[%clk 1:31:32]} Bg7 {[%clk 1:31:30]} 4. Bg2
{[%clk 1:31:54]} O-O {[%clk 1:31:52]} 5. O-O {[%clk 1:32:18]} c6 {[%clk 1:32:09]}
6. Nc3 {[%clk 1:32:37]} d5 {[%clk 1:32:26]} 7. cxd5 {[%clk 1:32:57]} cxd5
{[%clk 1:32:45]} 8. d4 {[%clk 1:32:27]} Nc6 {[%clk 1:33:04]} 9. Ne5
{[%clk 1:28:34]} e6 {[%clk 1:28:18]} 10. Bg5 {[%clk 1:25:41]} h6 {[%clk 1:28:31]}
11. Bf4 {[%clk 1:25:27]} a6 {[%clk 1:28:07]} 12. Nxc6 {[%clk 1:25:41]} bxc6
{[%clk 1:28:24]} 13. Qc1 {[%clk 1:24:27]} Kh7 {[%clk 1:28:10]} 14. Na4
{[%clk 1:23:54]} Qa5 {[%clk 1:26:07]} 15. b3 {[%clk 1:23:34]} Bd7
{[%clk 1:19:49]} 16. Nc5 {[%clk 1:22:28]} Bc8 {[%clk 1:19:56]} 17. e3
{[%clk 1:19:21]} Nd7 {[%clk 1:19:54]} 18. Bd6 {[%clk 1:19:41]} Re8
{[%clk 1:19:51]} 19. b4 {[%clk 1:11:43]} Qd8 {[%clk 1:20:02]} 20. Nb3
{[%clk 1:11:56]} Bb7 {[%clk 1:18:44]} 21. Na5 {[%clk 1:12:10]} Qb6
{[%clk 1:18:35]} 22. Rb1 {[%clk 1:08:04]} Rac8 {[%clk 1:18:51]} 23. Qa3
{[%clk 1:07:41]} Ba8 {[%clk 1:17:27]} 24. Rfc1 {[%clk 1:07:47]} e5
{[%clk 1:13:57]} 25. dxe5 {[%clk 1:06:33]} Nxe5 {[%clk 1:13:44]} 26. Bc5
{[%clk 1:03:27]} Qd8 {[%clk 1:13:56]} 27. Bd4 {[%clk 1:02:51]} Qd7
{[%clk 1:12:21]} 28. Bxe5 {[%clk 1:01:36]} Rxe5 {[%clk 1:12:01]} 29. Qd3
{[%clk 1:01:39]} Qa7 {[%clk 1:02:13]} 30. Bf1 {[%clk 1:01:45]} Bb7
{[%clk 0:52:04]} 31. Nxb7 {[%clk 1:01:37]} Qxb7 {[%clk 0:52:27]} 32. Qxa6
{[%clk 1:02:02]} Qd7 {[%clk 0:51:58]} 33. b5 {[%clk 1:01:40]} c5 {[%clk 0:39:10]}
34. b6 {[%clk 0:59:50]} c4 {[%clk 0:35:39]} 35. b7 {[%clk 1:00:12]} Rb8
{[%clk 0:35:38]} 36. Qb5 {[%clk 0:59:05]} Qf5 {[%clk 0:32:51]} 37. Qc5
{[%clk 0:54:30]} Qd7 {[%clk 0:30:20]} 38. Qa7 {[%clk 0:54:04]} Ree8
{[%clk 0:30:30]} 39. a4 {[%clk 1:19:22]} Red8 {[%clk 1:00:47]} 40. a5
{[%clk 1:19:10]} Qa4 {[%clk 1:00:49]} 41. a6 {[%clk 1:18:45]} Be5
{[%clk 0:55:51]} 42. Qb6 {[%clk 1:18:49]} Rd7 {[%clk 0:55:12]} 43. Qb5
{[%clk 1:17:48]} Qxb5 {[%clk 0:46:13]} 44. Rxb5 {[%clk 1:18:02]} Rd6
{[%clk 0:43:17]} 45. a7 {[%clk 1:17:38]} Rxb7 {[%clk 0:43:38]} 46. Rxb7
{[%clk 1:17:34]} 1-0

[Event "World Chess Olympiad 2018"]
[Site "Batumi"]
[Date "2018.09.26"]
[Round "3"]
[Board "2"]
[WhiteFideId "22400117"]
[White "Taleka Jed Selu"]
[BlackFideId "22000100"]
[Black "Salim Al Maashani Amer Said"]
[Result "0-1"]
[LiveChessVersion "1.4.8"]
[BlackElo "2038"]
[WhiteElo "1723"]

1. d4 {[%clk 1:30:39]} Nf6 {[%clk 1:30:54]} 2. Nf3 {[%clk 1:30:50]} e6
{[%clk 1:30:00]} 3. a3 {[%clk 1:30:28]} b6 {[%clk 1:29:06]} 4. Bf4
{[%clk 1:28:44]} c5 {[%clk 1:28:06]} 5. e3 {[%clk 1:28:40]} Be7 {[%clk 1:27:24]}
6. Be2 {[%clk 1:28:50]} O-O {[%clk 1:27:25]} 7. c4 {[%clk 1:27:24]} Bb7
{[%clk 1:22:21]} 8. Nc3 {[%clk 1:25:59]} d6 {[%clk 1:20:55]} 9. dxc5
{[%clk 1:25:25]} bxc5 {[%clk 1:20:28]} 10. O-O {[%clk 1:25:29]} Nh5
{[%clk 1:18:56]} 11. Bg3 {[%clk 1:24:02]} Nxg3 {[%clk 1:19:16]} 12. hxg3
{[%clk 1:23:43]} Nd7 {[%clk 1:15:06]} 13. Qc2 {[%clk 1:23:21]} Nf6
{[%clk 1:12:02]} 14. Rad1 {[%clk 1:23:37]} Qb6 {[%clk 1:11:58]} 15. Nh2
{[%clk 1:21:30]} Rab8 {[%clk 1:11:52]} 16. Na4 {[%clk 1:21:25]} Qa5
{[%clk 1:11:02]} 17. Bf3 {[%clk 1:21:38]} Rfd8 {[%clk 1:06:39]} 18. Nc3
{[%clk 1:17:07]} Bxf3 {[%clk 1:05:42]} 19. gxf3 {[%clk 1:17:12]} Qb6
{[%clk 1:05:46]} 20. Rd2 {[%clk 1:17:19]} Qb3 {[%clk 1:01:34]} 21. Qxb3
{[%clk 1:13:46]} Rxb3 {[%clk 1:01:59]} 22. Rfd1 {[%clk 1:14:06]} a6
{[%clk 1:00:14]} 23. e4 {[%clk 1:13:37]} Rdb8 {[%clk 0:53:51]} 24. Na4
{[%clk 1:12:14]} Nd7 {[%clk 0:52:08]} 25. f4 {[%clk 1:11:26]} e5 {[%clk 0:40:52]}
26. Kg2 {[%clk 1:06:33]} Nf6 {[%clk 0:38:05]} 27. f3 {[%clk 1:06:06]} exf4
{[%clk 0:37:34]} 28. gxf4 {[%clk 1:00:15]} Nh5 {[%clk 0:36:06]} 29. f5
{[%clk 0:59:49]} g6 {[%clk 0:26:15]} 30. fxg6 {[%clk 0:56:29]} hxg6
{[%clk 0:24:26]} 31. Rxd6 {[%clk 0:53:52]} Nf4+ {[%clk 0:19:56]} 32. Kg3
{[%clk 0:52:50]} Bxd6 {[%clk 0:20:19]} 33. Rxd6 {[%clk 0:52:23]} Ne6
{[%clk 0:20:48]} 34. Rxa6 {[%clk 0:51:37]} Rd8 {[%clk 0:18:01]} 35. Rc6
{[%clk 0:50:30]} Rd2 {[%clk 0:14:27]} 36. Nxc5 {[%clk 0:45:49]} Nxc5
{[%clk 0:14:49]} 37. Rxc5 {[%clk 0:46:00]} Rdxb2 {[%clk 0:14:39]} 38. Rc8+
{[%clk 0:42:19]} Kg7 {[%clk 0:15:00]} 39. a4 {[%clk 0:39:14]} Ra2
{[%clk 0:15:07]} 40. c5 {[%clk 1:09:12]} Rxa4 {[%clk 0:45:09]} 41. Kf4
{[%clk 1:09:32]} Rc4 {[%clk 0:30:30]} 42. Ke5 {[%clk 1:05:27]} Rc2
{[%clk 0:30:36]} 43. Ng4 {[%clk 1:05:31]} Rxf3 {[%clk 0:29:16]} 44. c6
{[%clk 1:05:50]} Rg3 {[%clk 0:27:33]} 45. Kf4 {[%clk 1:03:21]} Rgc3
{[%clk 0:26:53]} 46. Ne5 {[%clk 1:03:08]} Rc5 {[%clk 0:15:15]} 47. Rc7
{[%clk 1:00:57]} g5+ {[%clk 0:15:10]} 0-1